00387nam a2200145Ia 4500008004100000020001500041041001200056082001100068100001900079245007900098260002500177300000800202650000800210700002300218221030s9999 xx 000 0 und d a0074519654 aEnglish a105.23 aN. N. Bhargava 0aBasic Electronics & Linear Circuitscby N. N. Bhargava, D. C. Kulshreshtha bTMHaNew Delhic1989 a490 aECE aD. C. Kulshreshtha